Understanding the Linux kernel (E-BOOK) (Record no. 191475)
[ view plain ]
| 000 -LEADER | |
|---|---|
| fixed length control field | 01273 a2200241 4500 |
| 003 - CONTROL NUMBER IDENTIFIER | |
| control field | Nust |
| 005 - DATE AND TIME OF LATEST TRANSACTION | |
| control field | 20170207154017.0 |
| 010 ## - LIBRARY OF CONGRESS CONTROL NUMBER | |
| LC control number | 2006275169 |
| 020 ## - INTERNATIONAL STANDARD BOOK NUMBER | |
| International Standard Book Number | 0596005652 (pbk.) |
| 040 ## - CATALOGING SOURCE | |
| Transcribing agency | Nust |
| 082 00 - DEWEY DECIMAL CLASSIFICATION NUMBER | |
| Classification number | 005.432 |
| 100 1# - MAIN ENTRY--PERSONAL NAME | |
| Personal name | Bovet, Daniel P. |
| 245 10 - TITLE STATEMENT | |
| Title | Understanding the Linux kernel (E-BOOK) |
| Statement of responsibility, etc. | Daniel P. Bovet and Marco Cesati. |
| 250 ## - EDITION STATEMENT | |
| Edition statement | 3rd ed. |
| 260 ## - PUBLICATION, DISTRIBUTION, ETC. | |
| Place of publication, distribution, etc. | Beijing ; |
| -- | Sebastopol, CA : |
| Name of publisher, distributor, etc. | O'Reilly, |
| Date of publication, distribution, etc. | c2006. |
| 300 ## - PHYSICAL DESCRIPTION | |
| Extent | 923 p. : |
| Other physical details | ill. ; |
| Dimensions | 24 cm. |
| 500 ## - GENERAL NOTE | |
| General note | "Linux 2.4"--p. ix. |
| 505 ## - FORMATTED CONTENTS NOTE | |
| Formatted contents note | Introduction (Page-6) Memory Addressing (Page-36) Processes (Page-64) Interrupts And Exceptions (Page-96) Timing Measurements (Page-131) Memory Management (Page-149) Process Address Space (Page-183) System Calls (Page-217) Signals (Page-231) Process Scheduling (Page258) Kernel Synchronization (Page-277) The Virtual Filesystem (Page-303) Managing I/O Devices (Page-343) Disk Caches - Accessing Regular Files (Page-383) Swapping: Methods For Freeing Memory (Page-400) The Ext2 Filesystem (Page-417) Process Communication (Page-451) Program Execution (Page-476) |
| 650 #0 - SUBJECT ADDED ENTRY--TOPICAL TERM | |
| Topical term or geographic name entry element | Operating systems (Computers) |
| 651 ## - SUBJECT ADDED ENTRY--GEOGRAPHIC NAME | |
| Geographic name | E-BOOK |
| 700 1# - ADDED ENTRY--PERSONAL NAME | |
| Personal name | Cesati, Marco. |
| 856 42 - ELECTRONIC LOCATION AND ACCESS | |
| Materials specified | Publisher description |
| Uniform Resource Identifier | <a href="http://www.loc.gov/catdir/enhancements/fy0715/2006275169-d.html">http://www.loc.gov/catdir/enhancements/fy0715/2006275169-d.html</a> |
| 942 ## - ADDED ENTRY ELEMENTS (KOHA) | |
| Source of classification or shelving scheme | |
| Koha item type | Book |
| Withdrawn status | Lost status | Source of classification or shelving scheme | Damaged status | Not for loan | Collection code | Permanent Location | Current Location | Date acquired | Total Checkouts | Full call number | Barcode | Date last seen | Price effective from | Koha item type |
|---|---|---|---|---|---|---|---|---|---|---|---|---|---|---|
| Military College of Signals (MCS) | Military College of Signals (MCS) | 12/12/2016 | 005.432 DAN | MCSEB-695 | 12/08/2016 | 12/12/2016 | Book |
